000 00536nam a22002057a 4500
003 BD-DhSAU
005 20231009114429.0
008 230621b1990 ii a|||| |||| 001 0 eng d
040 _aBD-DhSAU
082 _222
_a631.4 F82
100 _aHenry, D. Forth
245 _aFundamentals of soil science/
_cD. Forth Henry
250 _a8th ed.
260 _aNew York:
_bJohn Wiley &Sons.
_c1990
300 _axv, 360p. ;
_bill. ;
_c30 cm.
500 _aIncludes index.
590 _aroy
650 _asoil science
942 _2ddc
_cBOOK
999 _c17176
_d17175